<?xml version="1.0" encoding="UTF-8"?><?xml-stylesheet type="text/xsl" href="static/style.xsl"?><OAI-PMH xmlns="http://www.openarchives.org/OAI/2.0/" xmlns:xsi="http://www.w3.org/2001/XMLSchema-instance" xsi:schemaLocation="http://www.openarchives.org/OAI/2.0/ http://www.openarchives.org/OAI/2.0/OAI-PMH.xsd"><responseDate>2026-04-17T03:17:37Z</responseDate><request verb="GetRecord" identifier="oai:www.recercat.cat:2072/248996" metadataPrefix="marc">https://recercat.cat/oai/request</request><GetRecord><record><header><identifier>oai:recercat.cat:2072/248996</identifier><datestamp>2024-12-11T13:32:32Z</datestamp><setSpec>com_2072_5164</setSpec><setSpec>com_2072_5163</setSpec><setSpec>col_2072_5169</setSpec></header><metadata><record xmlns="http://www.loc.gov/MARC21/slim" xmlns:dcterms="http://purl.org/dc/terms/" xmlns:xsi="http://www.w3.org/2001/XMLSchema-instance" xmlns:doc="http://www.lyncode.com/xoai" xsi:schemaLocation="http://www.loc.gov/MARC21/slim http://www.loc.gov/standards/marcxml/schema/MARC21slim.xsd">
   <leader>00925njm 22002777a 4500</leader>
   <datafield ind2=" " ind1=" " tag="042">
      <subfield code="a">dc</subfield>
   </datafield>
   <datafield ind2=" " ind1=" " tag="720">
      <subfield code="a">Serrano Casals, Ariadna</subfield>
      <subfield code="e">author</subfield>
   </datafield>
   <datafield ind2=" " ind1=" " tag="260">
      <subfield code="c">2015-04-16</subfield>
   </datafield>
   <datafield ind2=" " ind1=" " tag="520">
      <subfield code="a">La dona és cada vegada més present en el món de la comunicació publicitària, però avui en dia, la seva presència encara segueix essent mínima en els departaments de creativitat. En una primera part es pretén reflectir la realitat laboral i social que empeny la participació de la dona en el món publicitari, al mateix temps que un sostre de vidre imperceptible frena la seva presència en llocs de rellevància. En una segona part, s’analitza quins canvis o tendències pot suposar aquesta escalada de
la dona en llocs de direcció i creativitat.</subfield>
   </datafield>
   <datafield ind1="8" ind2=" " tag="024">
      <subfield code="a">http://hdl.handle.net/2072/248996</subfield>
   </datafield>
   <datafield ind2="0" ind1="0" tag="245">
      <subfield code="a">Comunicació publicitària femenina: el paper de la dona en l’àmbit de la creativitat en el segle XXI</subfield>
   </datafield>
</record></metadata></record></GetRecord></OAI-PMH>